| 000 | 01855nam a2200325K 4500 | ||
|---|---|---|---|
| 001 | 2289 | ||
| 003 | BD-RjUL | ||
| 005 | 20211208233522.0 | ||
| 008 | 131211r1963 enk 001 0 eng d | ||
| 035 | _a(BD-RjUL)2316 | ||
| 035 | _a(OCoLC)12212337 | ||
| 040 |
_aCLU _cCLU _dMYG _dBD-RjUL _beng |
||
| 041 | _aeng | ||
| 082 |
_216 _a330.942 _bASE 1963 |
||
| 090 |
_aHC253 _b.A82 1939 |
||
| 100 | 1 |
_aAshley, W. J. _q(William James), _d1860-1927. _97437 |
|
| 245 | 1 | 4 |
_aThe economic organisation of England : _ban outline history / _cby Sir William Ashley ... with a new chapter on Economic instability and state intervention, by G.C. Allen ... |
| 250 | _a3rd ed. | ||
| 260 |
_aLondon ; _aNew York [etc.] : _bLongmans, Green and Co., _c1949 [impression 1954]. |
||
| 300 |
_avii, 261, [1] p. ; _c19 cm. |
||
| 500 | _a"First edition, June 1914 ... New edition with additional chapter October 1935; new impression ... 1939." | ||
| 505 | 0 | _aThe English agrarian system: the manor as starting point.--The stages of industrial evolution: the gild as starting point.--The beginnings of modern farming: the break-up of the manor.--The rise of foreign trade: the advent of capital and investment.--Domestic industry and Tudor nationalism.--Agricultural estates and English self-government.--The industrial revolution and freedom of contract.--Joint government.--The industrial revolution and freedom of contract.--Joint stock and the evolution of capitalism.--Economic instability and state intervention,.--Appendix: Suggestions for further reading (p. 235-251) | |
| 650 | 0 |
_aIndustries _zGreat Britain _xHistory. _96151 |
|
| 650 | 0 |
_aLand tenure _zGreat Britain _xHistory. _97438 |
|
| 651 | 0 |
_aGreat Britain _xEconomic conditions. _97439 |
|
| 700 | 1 |
_aAllen, G. C. _q(George Cyril), _d1900-1982. _97440 |
|
| 942 |
_2ddc _cBK |
||
| 946 | _at | ||
| 949 |
_ac _p39080020363369 |
||
| 999 |
_c2289 _d2289 |
||